| 000 | 00632nam a2200181Ia 4500 | ||
|---|---|---|---|
| 008 | 100920s9999 xx 000 0 und d | ||
| 082 |
_b13508 _a320 थ 63 |
||
| 100 | _aदेवगिरीकर त्र्यं. र. | ||
| 245 | _aभारत-चीन संघर्ष. | ||
| 260 |
_bचित्रशाळा प्रकाशन, पुणे 2. _c1963 |
||
| 300 |
_a102 _bसाधी |
||
| 365 | _b1.5 | ||
| 520 | _aराजकारण. | ||
| 630 | _aभारत-चीन संघर्ष. | ||
| 650 | _aराजकारण. | ||
| 730 | _aभारत-चीन संघर्ष. | ||
| 942 | _cBOOK | ||
| 999 |
_c677987 _d677984 |
||